Vlaggen van Landen die beginnen met K - Statistieken

Algemene statistieken
  • Deze quiz is 2.311 keer genomen
  • De gemiddelde score is 8 van 9
Antwoordstatistieken
Foto Antwoord % Correct
Kroatië
97%
Kenia
95%
Kosovo
95%
Kazachstan
93%
Kameroen
91%
Koeweit
82%
Kirgizië
81%
Kiribati
76%
Kaapverdië
74%
Geen overeenkomende quizzen gevonden
Scoreverdeling
Procent van Mensen met Elke Score
Percentiel versus Aantal Correcte Antwoorden
Uw Scoregeschiedenis
U heeft deze quiz nog niet genomen